书目信息 |
| 题名: |
光全息学
|
|
| 作者: | 科利尔 著 ;盛尔镇 , 孙明经 译 | |
| 分册: | ||
| 出版信息: | 北京 机械工业出版社 1983.2 |
|
| 页数: | 552页 | |
| 开本: | 20cm | |
| 丛书名: | ||
| 单 册: | ||
| 中图分类: | O438 | |
| 科图分类: | ||
| 主题词: | 光学 | |
| 电子资源: | ||
| ISBN: | ||
| 000 | 00566nam0 2200205 45 | |
| 001 | 0312221749 | |
| 005 | 20060313155643.18 | |
| 010 | @dCNY2.20 | |
| 100 | @a20031222d1983 km y0chiy0120 ea | |
| 101 | @achi | |
| 200 | 1 | @a光全息学@AGuang Quan Xi Xue@f(美)R·J·科利尔等著@F(mei)R·J·ke li er deng zhu@g盛尔镇,孙明经译 |
| 210 | @a北京@c机械工业出版社@d1983.2 | |
| 215 | @a552页@d20cm | |
| 606 | 0 | @a光学 |
| 690 | @aO438@v3 | |
| 701 | 0 | @a科利尔@Ake li er@4著 |
| 702 | 0 | @a盛尔镇@4译 |
| 702 | 0 | @a孙明经@4译 |
| 801 | @aCN@bTSTCL@c20060313 | |
| 905 | @a213230@dO438@e5 | |
| 光全息学/(美)R·J·科利尔等著/盛尔镇,孙明经译.-北京:机械工业出版社,1983.2 |
| 552页;20cm |
| ISBN :CNY2.20 |
| ● |
| 相关链接 |
|
|
|
|
正题名:光全息学
索取号:O438/5
 
预约/预借
| 序号 | 登录号 | 条形码 | 馆藏地/架位号 | 状态 | 备注 |
| 1 | 0089934 | 202204239 | 密集书库/ [索取号:O438/5] | 在馆 | |
| 2 | 0089935 | 202098693 | 第二样本阅览室/ [索取号:O438/5] | 在馆 |